Příručka pro vývozce a dovozce

Saved in:
Bibliographic Details
Main Author: Závada, Dušan
Format: Book
Language:Czech
Published: Praha Státní nakladatelství technické literatury 1987
Tags: Add Tag
No Tags, Be the first to tag this record!

MARC

LEADER 00000nam a2200000 4500
001 c024510
005 20250930105232.9
041 0 |a cze 
044 |a CZ 
245 1 0 |a Příručka pro vývozce a dovozce  |c Dušan Závada 
264 1 |a Praha  |b Státní nakladatelství technické literatury  |c 1987 
300 |a 453 s. 
100 1 |a Závada, Dušan